20 Légende de Serie A en photo - Statistiques

Statistiques générales
  • Ce quiz a été pris 189 fois
  • Le résultat moyen est 16 sur 20
Statistiques - réponses
Par images Réponse % Correct
Buffon
99%
Dybala
99%
Maldini
96%
Maradona
96%
Pirlo
96%
Ibrahimovic
95%
Ronaldo
95%
Chiellini
94%
Kaka
92%
Zanetti
87%
De rossi
85%
Baggio
78%
Van Basten
78%
Del Piero
76%
Shevchenko
70%
Barzagli
63%
Milito
61%
Di natale
58%
Quagliarella
55%
Vieiri
21%
Aucun quiz correspondant
Distribution des résultats
% des personnes avec chaque résultat
Percentile par nombre de réponses
Votre historique - résultats
Vous n’avez pas pris ce quiz